000 00426nam a22001457a 4500
003 OSt
005 20251113064911.0
008 251113b |||||||| |||| 00| 0 eng d
040 _cABC-CLIO ,INC
050 _aHV6432.4 .B35 2005
_b.B35 2005
245 _aU.S. HOMELAND SECURITY:
_bA REFERENCE HANDBOOK/
_cBALL, HOWARD
250 _a1ST EDITION
260 _aSANTA BARBARA, CARLIFORNIA:
_bABC- CLIO ,INC,
_c2005
942 _2lcc
_cBK
_n0
999 _c9784
_d9784